• 首页
  • 本馆介绍
  • 公告通知
  • 最新文献
  • 馆藏检索
  • 电子资源
  • 读者导购
  • 参考咨询
  • 我的图书馆
  • 登录
  • 详细信息显示
  • 放入我的书架
  • 预约/预借图书
  • 作者相关作品
  • 分类相关作品
  • 丛书相关作品
  • 出版社相关作品

书目信息

  • 表格格式
  • 工作单格式
  • 卡片格式
题名:
学科大全
    
 
作者: 韩寿根 主编
分册:  
出版信息: 沈阳   沈阳出版社  1989.5
页数: 554页
开本: 26cm
丛书名:
单 册:
中图分类: Z32 , G3-61
科图分类: 93
主题词: 学科--手册 , 科学 , 科学研究
电子资源:
ISBN: 7-80556-309-8
000 00801nam0 2200277 45
001 0190005960
005 20061026151421.34
010    @a7-80556-309-8@b精装@dCNY24.50
100    @a19921105d1989 em y0chiy0121 ea
101 0  @achi
102    @aCN@b210000
105    @ay z 000yy
200 10 @a学科大全@AXUE KE DA QUAN@f韩寿根等主编@FHAN SHOU GEN DENG ZHU BIAN
210    @a沈阳@c沈阳出版社@d1989.5
215    @a554页@d26cm
330    @a本书收集了200多个学科,并从学科概念,研究对象,研究内容,方法等方面作了概况的介绍。
540 1  @a学科 大全@AXUE KE DA QUAN
606    @a学科@x手册
606 0  @a科学
606 0  @a科学研究
690    @aZ32@v三版
690    @aG3-61@v3
692    @a93
701  0 @a韩寿根@AHAN SHOU GEN@4主编
801  0 @aCN@bTSSF@c20061026
905    @a10447@dG3-61@e63
    
    学科大全/韩寿根等主编.-沈阳:沈阳出版社,1989.5
    554页;26cm
    
    
    ISBN 7-80556-309-8(精装):CNY24.50
    本书收集了200多个学科,并从学科概念,研究对象,研究内容,方法等方面作了概况的介绍。
●
相关链接 在E读中查询图书 在五车中查询图书 在当当中查询图书 在豆瓣中查询图书


正题名:学科大全     索取号:G3-61/63         预约/预借

序号 登录号 条形码 馆藏地/架位号 状态 备注
1 0227256   002059355   第一样本阅览室/ [索取号:G3-61/63] 在馆    
唐山师范学院图书馆 欢迎您!
大连网信软件有限公司© 版权所有